Statistiques concernant Focus sur: Galadhon - Tolkien

Cliquez ici pour prendre le quiz!

Statistiques générales

  • Ce quiz a été pris 6 fois
  • Le résultat moyen est 6 sur 10

Statistiques - réponses

Informations recherchéesRéponses% Correct
EspèceElfe
100%
Age durant lequel il vécutPremier (au moins)
100%
RoyaumeDoriath
80%
Première apparitionLe Silmarillion
80%
Groupe de l'espèceSindar
80%
Galathil
40%
Profession et titreNoble de Doriath
40%
FilsCeleborn
20%
CitéMenegroth
20%
PèreElmo
0%

Distribution des résultats

Percentile par nombre de réponses

% des personnes avec chaque résultat

Votre développement - résultats

Vous n’avez pas pris ce quiz